| 000 | 01168nam a22002417a 4500 | ||
|---|---|---|---|
| 999 |
_c21234 _d21234 |
||
| 003 | AR-CdUCM | ||
| 008 | 190320b ||||| |||| 00| 0 spa d | ||
| 020 | _a9786124236075 | ||
| 040 |
_aMUNICIPALIDAD PROVINCIAL DEL CUSCO _cBIBLIOTECA MUNICIPAL DEL CUSCO |
||
| 082 |
_a531.61 / W10 _bW10 |
||
| 100 |
_aWarthon Ascarza, Julio Lucas _944357 |
||
| 245 | _aEnergía limpia y cero emisión / | ||
| 260 |
_aCusco : _bJL editores, _c2017. |
||
| 300 |
_a212 paginas ; _bilustraciones, _c30 cm. |
||
| 505 | _aContenido: Contaminación del aire debido a la emisión de gases producidos por vehículos automotores -- Shelter de monitoreo ambiental y equipos de medición -- Evaluación de la calidad de aire -- Disminución de la contaminación atmosférica empleado en vehículos eléctricos -- Ajustes de estándares de calidad ambiental del aire en función de la altitud -- Bonos de carbono ... | ||
| 650 |
_aEnergía eléctrica _918729 |
||
| 650 |
_aCalidad ambiental _944358 |
||
| 650 |
_aContaminación ambiental _944359 |
||
| 650 |
_aFísica _92382 |
||
| 710 |
_aUniversidad Nacional de San Antonio Abad del Cusco _915942 |
||
| 942 |
_2ddc _cLIBROS |
||
| 945 | _aRoel | ||